अंधियारे-उजियारे / (Record no. 117003)

MARC details
000 -LEADER
fixed length control field 00994nam a22002537a 4500
005 - DATE AND TIME OF LATEST TRANSACTION
control field 20170124103047.0
010 ## - LIBRARY OF CONGRESS CONTROL NUMBER
LC control number A-707690
020 ## - INTERNATIONAL STANDARD BOOK NUMBER
Terms of availability 75.00
035 ## - SYSTEM CONTROL NUMBER
System control number A-707690
037 ## - SOURCE OF ACQUISITION
Source of stock number/acquisition Cen Lib/Ret
040 ## - CATALOGING SOURCE
Original cataloging agency DPL
Language of cataloging HN
082 ## - DEWEY DECIMAL CLASSIFICATION NUMBER
Classification number
Item number शर्माम
100 ## - MAIN ENTRY--PERSONAL NAME
Personal name शर्मा, मनीषा
9 (RLIN) 69500
245 ## - TITLE STATEMENT
Title अंधियारे-उजियारे /
Statement of responsibility, etc मनीषा शर्मा
246 ## - VARYING FORM OF TITLE
Title proper/short title Adhiyare-ujiyare /
Remainder of title by Manisha Sharma
260 ## - PUBLICATION, DISTRIBUTION, ETC. (IMPRINT)
Place of publication, distribution, etc दिल्ली
Name of publisher, distributor, etc साहित्य प्रकाशन
Date of publication, distribution, etc 1994
270 ## - ADDRESS
Address मालीवाड़ा
City दिल्ली
Postal code 110006
300 ## - PHYSICAL DESCRIPTION
Extent 132पृ.
Dimensions 19सेमी (सजिल्द )
650 ## - SUBJECT ADDED ENTRY--TOPICAL TERM
Topical term or geographic name as entry element हिंदी साहित्य
General subdivision
Geographic subdivision
9 (RLIN) 69501
650 ## - SUBJECT ADDED ENTRY--TOPICAL TERM
Topical term or geographic name as entry element हिंदी साहित्य
Form subdivision
General subdivision उपन्यास
9 (RLIN) 69502
650 ## - SUBJECT ADDED ENTRY--TOPICAL TERM
Topical term or geographic name as entry element Hindi literature
9 (RLIN) 69503
650 ## - SUBJECT ADDED ENTRY--TOPICAL TERM
Topical term or geographic name as entry element Hindi literature
General subdivision fiction
9 (RLIN) 69504
942 ## - ADDED ENTRY ELEMENTS (KOHA)
Source of classification or shelving scheme Dewey Decimal Classification
Koha item type Hindi Books
Classification part
Call number suffix शर्माम
Holdings
Withdrawn status Lost status Damaged status Not for loan Home library Current library Date acquired Source of acquisition Cost, normal purchase price Total Checkouts Full call number Barcode Date last seen Date checked out Copy number Cost, replacement price Price effective from Koha item type Public note
        Central Library Central Library 26/08/2015 Cen Lib/Ref 75.00 1 उ शर्माम A-707690 22/03/2019 12/03/2019 1 75.00 26/08/2015 Hindi Books  
Written off       Central Library Central Library 04/09/2015 Cen Lib/Ret 75.00   उ शर्माम A-707686 04/09/2015   1 75.00 15/09/2016 Hindi Books Written off on approval by DLB (By Circulation); dtd 15-06-2023

© Delhi Public Library
Hit Counter
free hit counter